| 000 | 00892nam a2200277Ia 4500 | ||
|---|---|---|---|
| 003 | OSt | ||
| 005 | 20220918171333.0 | ||
| 006 | a|||||r|||| 00| 0 | ||
| 007 | ta | ||
| 008 | 220917b |||||||| |||| 00| 0 eng d | ||
| 020 |
_a9781506307695 (pbk) _c3347.5 |
||
| 024 | _a289,739 | ||
| 037 |
_b2540, 18/03/2016, Govinda Book House _cTextual |
||
| 040 |
_aARTS _cARTS _beng |
||
| 041 |
_2eng _aeng |
||
| 082 | _aT48:(P:7), P8;Q6 | ||
| 100 |
_aBloomberg Linda Dale _935919 |
||
| 245 | 0 |
_aCompleting your qualitative dissertation _b A road map from beginning to end |
|
| 250 | _a3rd ed | ||
| 260 |
_aLos Angeles _b Sage U.S.A _c2016 |
||
| 300 |
_axxxvii, 357p. _ccm. |
||
| 650 | _aEDUCATION | ||
| 700 |
_a Volpe Marie _935920 |
||
| 942 |
_hT48:(P:7), P8;Q6 _cTEXL _2CC |
||
| 999 |
_c139117 _d139117 |
||